| 000 | 00618nam a22001937a 4500 | ||
|---|---|---|---|
| 999 |
_c13184 _d13184 |
||
| 003 | AR-CdUCM | ||
| 008 | 190411b ||||| |||| 00| 0 spa d | ||
| 040 |
_aMUNICIPALIDAD PROVINCIAL DEL CUSCO _cBIBLIOTECA MUNICIPAL DEL CUSCO |
||
| 082 |
_aC / 547/ _bG64 |
||
| 100 |
_aGonzales Willis, Enrique _931418 |
||
| 245 | _aQuímica orgánica 1 / | ||
| 260 |
_aCusco _bEdit. Andina, _c1979. |
||
| 300 |
_a291 paginas ; _bGraficos _c21 cm. |
||
| 505 | _aContenido :Función Halogenada --Funciones oxigenadas / | ||
| 650 |
_aQuimica _94512 |
||
| 650 |
_aOrganica _931419 |
||
| 942 |
_2ddc _cLIBROS |
||
| 945 |
_arjall _d2019-04-11 |
||